000 00292nam a2200121Ia 4500
008 230627s9999 xx 000 0 und d
041 _amar
082 _a320.5
_bNAI
100 _aNair C. S
245 _aGandhi And Anarchy
250 _a2ed.
260 _aNew Delhi
_bMittal Publications
_c1922
999 _c684507
_d684507